Relación entre tenencia y acceso a la tierrra y estado nutricional de niños pequeños

Guardat en:
Dades bibliogràfiques
Autor principal: Martorell, Reynaldo
Format: Text
Publicat: San José: ACAS-CEDAL
Etiquetes: Afegir etiqueta
Sense etiquetes, Sigues el primer a etiquetar aquest registre!

MARC

LEADER 00000 a a2200000 04500
001 17596
003
040
090 |a EXTRAVIADO  
100 |a Martorell, Reynaldo  
245 |a Relación entre tenencia y acceso a la tierrra y estado nutricional de niños pequeños  
260 |a San José:   |b ACAS-CEDAL  
300 |a 14 p.  
999 |c 12073  |d 12073